| 000 | 01002nam a2200193 i 4500 | ||
|---|---|---|---|
| 001 | 152503 | ||
| 003 | ES-MaACL | ||
| 005 | 20230906204755.0 | ||
| 008 | 981127s1767 fr |||| | fre d | ||
| 040 |
_aCCPB | B _bspa _cCCPB | B |
||
| 100 | 1 |
_aBougeant, Guillaume Hyacinthe _c(S.I.) _9126106 |
|
| 245 | 1 | 0 |
_aHistoire des guerres et des négotiations qui précéderent le traité de Westphalie ... _b: composée sur les Mémoires du Comte d´Avaux, Ambassadeur du Roi Trés- Chrétien dans les Cours du Nord, en Allemagne & en hollande, & Plénipotenciaire au Traité de Munster / _cPar le Pere Bougeant, de la Compagnie de Jesus ; tome I. |
| 260 |
_aA Paris : _bChez Musier fils & Durand, _c1767. |
||
| 300 |
_a[14], 599, [17] p. ; _c4º. |
||
| 597 | _aSign.: a2, b4, A-Z4, 2A-2Z4, 3A-3Z4, 4A-4I4, 4K2. | ||
| 597 | _aAntep. | ||
| 650 | 4 |
_aGuerra de los Treinta Años, 1618-1648. _9136206 |
|
| 852 |
_aES-MaACL _jR-174 _z-- Enc. pasta _z-- Ex-libris de Mr. Beaupré, Conseiller à la Cour de Nancy |
||
| 999 |
_c152503 _d152503 |
||